শিলাইদহে রবীন্দ্রনাথ / (Record no. 38636)
[ view plain ]
| 000 -LEADER | |
|---|---|
| fixed length control field | 00939nam a2200253 a 4500 |
| 001 - CONTROL NUMBER | |
| control field | 38636 |
| 003 - CONTROL NUMBER IDENTIFIER | |
| rucl marc code | BD-RjUL |
| 005 - DATE AND TIME OF LATEST TRANSACTION | |
| control field | 20211209052831.0 |
| 008 - FIXED-LENGTH DATA ELEMENTS--GENERAL INFORMATION | |
| fixed length control field | 191104s1972 ii | 001 0 ben |
| 020 ## - INTERNATIONAL STANDARD BOOK NUMBER | |
| Terms of availability | : IRs. 2.00 |
| 035 ## - SYSTEM CONTROL NUMBER | |
| System control number | (BD-RjUL)38744 |
| 040 ## - CATALOGING SOURCE | |
| Original cataloging agency | DLC |
| Transcribing agency | DLC |
| Modifying agency | DLC |
| Language of cataloging | ben/eng |
| 041 ## - LANGUAGE CODE | |
| Language code of text/sound track or separate title | ben |
| 082 00 - DEWEY DECIMAL CLASSIFICATION NUMBER | |
| Classification number | 928.9144 |
| Edition number | 23 |
| Author mark and year | BIS 1972 |
| 100 1# - MAIN ENTRY--PERSONAL NAME | |
| Personal name | বিশী, প্রমথনাথ |
| 9 (RLIN) | 234496 |
| 245 10 - TITLE STATEMENT | |
| Title | শিলাইদহে রবীন্দ্রনাথ / |
| Statement of responsibility, etc. | প্রমথনাথ বিশী |
| 260 ## - PUBLICATION, DISTRIBUTION, ETC. (IMPRINT) | |
| Place of publication, distribution, etc. | কলিকাতা: |
| Name of publisher, distributor, etc. | মিত্র ও ঘোষ, |
| Date of publication, distribution, etc. | ১৯৭২ |
| 300 ## - PHYSICAL DESCRIPTION | |
| Pagination | ১১০ পৃ. ; |
| Size | ১৮ সেমি. |
| 500 ## - GENERAL NOTE | |
| General note | Includes index. |
| 650 #0 - SUBJECT ADDED ENTRY--TOPICAL TERM | |
| Topical term or geographic name as entry element | Operational amplifiers. |
| 9 (RLIN) | 118644 |
| 830 ## - SERIES ADDED ENTRY--UNIFORM TITLE | |
| Uniform title | মিত্র ও ঘোষ বাংলা পকেট বই |
| 942 ## - ADDED ENTRY ELEMENTS (KOHA) | |
| Source of classification or shelving scheme | Dewey Decimal Classification |
| Koha item type | Books |
| Lost status | Source of classification or shelving scheme | Damaged status | Not for loan | Collection code | Permanent Location | Current Location | Shelving location | Date acquired | Source of acquisition | Cost, normal purchase price | Total Checkouts | Full call number | Date last seen | Copy number | Koha item type |
|---|---|---|---|---|---|---|---|---|---|---|---|---|---|---|---|
| Dewey Decimal Classification | Not For Loan | Rare Books | Central Library, University of Rajshahi | Central Library, University of Rajshahi | Rare Book Section | 08/10/1974 | Jonathon Wren & co. | 2.00 | BRA 928.9144 BIS 1972 | 04/11/2019 | C-1 | Rare Books |